BIOCHEMISTRY AND CLINICAL PATHOLOGY (Record no. 209513)

MARC details
000 -LEADER
fixed length control field 00328nam a2200133Ia 4500
008 - FIXED-LENGTH DATA ELEMENTS--GENERAL INFORMATION
fixed length control field 220928s9999 xx 000 0 und d
082 ## - DEWEY DECIMAL CLASSIFICATION NUMBER
Item number CHA
100 ## - MAIN ENTRY--PERSONAL NAME
Personal name CHAUDHARI, M.R.
245 #0 - TITLE STATEMENT
Title BIOCHEMISTRY AND CLINICAL PATHOLOGY
260 ## - PUBLICATION, DISTRIBUTION, ETC.
Name of publisher, distributor, etc. NIRALI PRAKASHAN, PUNE
Date of publication, distribution, etc. 2013
300 ## - PHYSICAL DESCRIPTION
Extent A-22
650 ## - SUBJECT ADDED ENTRY--TOPICAL TERM
Topical term or geographic name entry element Biochemistry
942 ## - ADDED ENTRY ELEMENTS (KOHA)
Koha item type Book
Holdings
Withdrawn status Lost status Damaged status Not for loan Home library Current library Shelving location Date acquired Total Checkouts Full call number Barcode Date last seen Price effective from Koha item type Public note
        Mewar University Central Library Mewar University Central Library Donated 04/06/2022   612.015 CHA-B DN3647 28/09/2022 04/06/2022 Book Paramedical R-3 S-4